000 00377nam a2200133Ia 4500
008 231019s9999 xx 000 0 und d
082 _a658.8342
_bSCH-C
100 _aLeon G.Schiffman, Leslie Lazar Kanuk, S.Ramesh Kumar & Joseph wisenblit
245 0 _aConsumer Bahavior
260 _aUSA
_bPearson Education
_c2009
300 _a486
650 _aSocial Science
999 _c34531
_d34531